000 00460nam a22000977a 4500
008 160425b xxu||||| |||| 00| 0 eng d
100 _aSebastian, Fritz
245 _aNorddeutscher Postbezirk :
_bdie Post des Norddeutschen Bundes 1867-1872 im Spiegel einer Spezial-Sammlung
260 _aHannover, Germany
_bBruno Wilkens
_c1947
650 _aGermany -- North German Confederation (1868-1871) | Postal History | 1867-1872 | 19th Century | Postal Markings | German States
999 _c1928
_d1928